16 [i.e Décima Sexta] Bienal Internacional del Cartel en México (Record no. 10836)
[ view plain ]
| 000 -CABECERA | |
|---|---|
| campo de control de longitud fija | 01476nam a22002777a 4500 |
| 001 - NÚMERO DE CONTROL | |
| campo de control | BRCA_9217 |
| 003 - IDENTIFICADOR DEL NÚMERO DE CONTROL | |
| campo de control | FranzMayer |
| 005 - FECHA Y HORA DE LA ÚLTIMA TRANSACCIÓN | |
| campo de control | 20220809140009.0 |
| 008 - DATOS DE LONGITUD FIJA--INFORMACIÓN GENERAL | |
| campo de control de longitud fija | 220725b |||||||| |||| 00| 0 eng d |
| 040 ## - FUENTE DE LA CATALOGACIÓN | |
| Lengua de catalogación | spa |
| Centro/agencia transcriptor | MFM |
| 041 1# - CÓDIGO DE LENGUA | |
| Código de lengua del texto/banda sonora o título independiente | spa |
| -- | eng |
| 050 ## - SIGNATURA TOPOGRÁFICA DE LA BIBLIOTECA DEL CONGRESO | |
| Número de clasificación | NC1807.M4 |
| Número de documento/Ítem | B54 16 2020 |
| 245 03 - MENCIÓN DE TÍTULO | |
| Título | 16 [i.e Décima Sexta] Bienal Internacional del Cartel en México |
| 260 ## - PUBLICACIÓN, DISTRIBUCIÓN, ETC. | |
| Lugar de publicación, distribución, etc. | Ciudad de México : |
| Nombre del editor, distribuidor, etc. | Bienal Internacional del Cartel en México, |
| Fecha de publicación, distribución, etc. | 2020 |
| 300 ## - DESCRIPCIÓN FÍSICA | |
| Extensión | 235 p. : |
| Otras características físicas | il., fot. col. ; |
| Dimensiones | 23 x 32.5 cm. |
| 500 ## - NOTA GENERAL | |
| Nota general | Ubicación: L59-N5 |
| 500 ## - NOTA GENERAL | |
| Nota general | Catálogo de la exposición realizada en el Museo Franz Mayer en la Ciudad de México (18 de noviembre de 2020 - 07 de marzo de 2021) |
| 500 ## - NOTA GENERAL | |
| Nota general | 30 años : Trigésimo aniversario Bienal Internacional del Cartel en México |
| 500 ## - NOTA GENERAL | |
| Nota general | Edición in memoriam: Héctor Villaverde (1939-2018) / René Azcuy (1939-2019) / Alejandro Alvarado y Carreño (1933-2019) / Mitsuo Katsui (1931-2019) / Milton Glaser (1929-2020) |
| 500 ## - NOTA GENERAL | |
| Nota general | Alemania, país invitado 2021. |
| 520 ## - SUMARIO, ETC. | |
| Sumario, etc. | El trabajo de la Bienal ha sido destacar el gran valor que posee el cartel por su extraordinario mensaje luminoso y sensible, de fuerte coherencia visual, calidad y composición formal, todo reunido en una misma pieza gráfica. - Eduardo Terrazas. |
| 610 ## - PUNTO DE ACCESO ADICIONAL DE MATERIA--NOMBRE DE ENTIDAD CORPORATIVA | |
| Nombre de entidad corporativa o nombre de jurisdicción como elemento de entrada | Museo Franz Mayer (Mexico City, Mexico) |
| Subdivisión de forma | Exposiciones |
| Subdivisión general | Carteles |
| 9 (RLIN) | 28496 |
| 650 ## - PUNTO DE ACCESO ADICIONAL DE MATERIA--TÉRMINO DE MATERIA | |
| Término de materia o nombre geográfico como elemento de entrada | Carteles |
| Subdivisión de forma | Concursos |
| Subdivisión general | Diseño |
| Subdivisión geográfica | México |
| 942 ## - ELEMENTOS DE PUNTO DE ACCESO ADICIONAL (KOHA) | |
| Fuente del sistema de clasificación o colocación | Library of Congress Classification |
| Tipo de ítem Koha | Libros |
| Estado de retiro | Estado de pérdida | Fuente del sistema de clasificación o colocación | Estado dañado | No para préstamo | Localización permanente | Ubicación/localización actual | Fecha de adquisición | Total de préstamos | Signatura topográfica completa | Código de barras | Fecha visto por última vez | Precio válido a partir de | Tipo de ítem Koha |
|---|---|---|---|---|---|---|---|---|---|---|---|---|---|
| El ejemplar forma parte de la colección y puede ser consultado según las políticas vigentes. | Library of Congress Classification | Biblioteca del Museo Franz Mayer (Rogerio Casas-Alatriste) | Biblioteca del Museo Franz Mayer (Rogerio Casas-Alatriste) | 25/07/2022 | NC1807.M4 B54 16 2020 | CONT10002 | 25/07/2022 | 25/07/2022 | Libros |